| 000 | 01095nam a2200313 a 4500 | ||
|---|---|---|---|
| 001 | 19721 | ||
| 003 | BD-RjUL | ||
| 005 | 20211209000452.0 | ||
| 008 | 140225s1972 enk b 001 0 eng d | ||
| 020 | _a072503 V-2 | ||
| 020 | _a070462 V-1 | ||
| 035 | _a(BD-RjUL)19782 | ||
| 040 |
_aLC _beng _cLC _dLC _dBD-RjUL |
||
| 041 | _aeng | ||
| 082 | 0 | 0 |
_a821.1 _bKEC V-2 1972 |
| 100 | 1 |
_aKean, P. M. _q(Patricia Margaret) _960596 |
|
| 245 | 1 | 0 |
_aChaucer and the making of English poetry / _cby P. M. Kean. |
| 260 |
_aLondon ; _aBoston : _bRoutledge and K. Paul, _c1972. |
||
| 300 |
_aV. ; _c24 cm. |
||
| 504 | _aIncludes bibliographical references and index. | ||
| 505 | _aVol. 1. Love vision and debate.--V-2. the art of narrative.-- | ||
| 600 | 1 | 0 |
_aChaucer, Geoffrey, _d-1400 _xTechnique. _9237724 |
| 650 | 0 |
_aDebate poetry, English (Middle) _xHistory and criticism. _960598 |
|
| 650 | 0 |
_aLove poetry, English (Middle) _xHistory and criticism. _960599 |
|
| 650 | 0 |
_aNarrative poetry, English _xHistory and criticism. _960600 |
|
| 942 |
_2ddc _cBK |
||
| 999 |
_c19721 _d19721 |
||